000 00365pab a2200133 454500
008 180718b xxu||||| |||| 00| 0 eng d
100 _aMuir Judy
245 _aProblem-oriented policing finding the time
362 _a56(4), May 1994, p.18-21
650 _a Police
650 _aCommunity Policing
773 _aGazette: Royal Canadian Mounted Police
909 _a27209
999 _c27209
_d27209